| 000 | 00606cam a2200193 4500500 | ||
|---|---|---|---|
| 005 | 20260405003942.0 | ||
| 041 | _afre | ||
| 042 | _adc | ||
| 100 | 1 | 0 |
_aLacroix, Alexandre _eauthor |
| 245 | 0 | 0 | _aVincent Descombes passe ChatGPT à la question |
| 260 | _c2025. | ||
| 500 | _a7 | ||
| 690 | _aChatGPT | ||
| 690 | _aIdentité | ||
| 690 | _aIntelligence Artificielle | ||
| 690 | _aVincent Descombes | ||
| 786 | 0 | _nPhilosophie magazine | 192 | 9 | 2025-09-01 | p. 106-116 | 1951-1787 | |
| 856 | 4 | 1 | _uhttps://shs.cairn.info/magazine-philosophie-magazine-2025-9-page-106?lang=fr&redirect-ssocas=7080 |
| 999 |
_c2072355 _d2072355 |
||